Les carrés de 1 à 30 - Statistiques

Statistiques générales
  • Ce quiz a été pris 110 fois
  • Le résultat moyen est 20 sur 30
Statistiques - réponses
Hint Réponse % Correct
1
100%
16
100%
25
100%
36
100%
4
100%
49
100%
64
100%
9
100%
10² 100
99%
81
99%
11² 121
95%
12² 144
88%
13² 169
78%
15² 225
71%
20² 400
71%
14² 196
67%
30² 900
62%
16² 256
54%
17² 289
50%
18² 324
46%
19² 361
43%
21² 441
39%
22² 484
38%
25² 625
33%
23² 529
29%
24² 576
29%
26² 676
24%
29² 841
23%
28² 784
22%
27² 729
21%
Aucun quiz correspondant
Distribution des résultats
% des personnes avec chaque résultat
Percentile par nombre de réponses
Votre historique - résultats
Vous n’avez pas pris ce quiz